000 00646nam a2200193Ia 4500
008 220216s9999 xx 000 0 und d
100 _aKarthikakuttyamma M.
245 0 _aSoils and nutrition
260 _bIn: Natural rubber: Agromanagement and crop processing. (Eds. P.J. George and C. Kuruvilla Jacob). Rubber Research Institute of India, Kottayam, India, pp.170-198.
_c2000
650 _aFertilizer application
650 _aNutrient deficiency
650 _aNutrient management
650 _aNutrition
650 _aRubber growing soil
650 _aSoil property
700 _aJoseph M.[a]
700 _aNair A.N.S.
942 _cBS
999 _c52578
_d52578